|
|
|
|
| LEADER |
00867nam a2200193 a 4500 |
| 001 |
845876 |
| 008 |
100621s1977 ii 000 0 eng d |
| 010 |
|
|
|a \\\77911565
|
| 040 |
|
|
|a DLC
|c DLC
|d DLC
|d BD-DhAAL
|
| 082 |
0 |
0 |
|a 338.1/7361/095492
|2 19
|
| 245 |
0 |
0 |
|a Sugar industry in Bangladesh.
|
| 260 |
|
|
|a Dhaka :
|b Dept. of Films and Publications, Ministry of Information and Broadcasting, Govt. of the People's Republic of Bangladesh,
|c 1977.
|
| 300 |
|
|
|a 11 p. ;
|c 23 cm.
|
| 541 |
1 |
|
|e 00000427
|
| 650 |
|
0 |
|a Sugar trade
|z Bangladesh.
|
| 710 |
1 |
|
|a Bangladesh.
|b Calaccitra o Prakāśana Bibhāga.
|
| 852 |
4 |
|
|a Ayesha Abed Library
|j General Shelf
|
| 999 |
|
|
|c 9031
|d 9031
|
| 952 |
|
|
|0 0
|1 0
|2 ddc
|4 0
|6 338_173610954900000_SUG_1977
|7 0
|9 11153
|a BRACUL
|b BRACUL
|c GEN
|d 2010-06-21
|g 0.00
|l 0
|o 338.1736109549 SUG
|p 3010000427
|r 2010-06-21
|t 1
|w 2010-06-21
|y BK
|z Not price in Register
|x Not price in Register
|